Ułóż nazwę państwa z rozsypanych liter w 2 minuty - Statystyki

Ogólne statystyki
  • Ten quiz został rozwiązany 48 razy
  • Średni wynik to 11 z 15
Statystyki odpowiedzi
Liczby Państwo % Poprawnych
Żdifi Fidżi
100%
Gtoo Togo
91%
Lrazei Izrael
88%
Oslakp Polska
85%
Ryais Syria
85%
Yhbmaa Bahamy
82%
Mnjee Jemen
82%
Ainr Iran
79%
Aartk Katar
68%
Jraso Rosja
68%
Elbzei Belize
65%
Lhcei Chile
62%
Ynwkata Watykan
41%
Zhpnaisai Hiszpania
35%
Jmkiazorne Mikronezja
18%
Nie znaleziono quizów pasujących do podanych kryteriów
Rozkład punktacji
Procent ludzi z każdym wynikiem
Percentyl według liczby udzielonych odpowiedzi
Twoja historia wyników
Nie rozwiązałeś tego quizu